000 00413nam a22001457a 4500
005 20180801145111.0
020 _a8181160258
_c990.00
035 _aB-162088 ,B-162087, B-162090
037 _aDPL
_bENG
100 _aSharma, Anil
245 _aTourism management /
_cby Anil Sharma
260 _aNew Delhi
_bMaxford books
_c2006
300 _aix, 378p.
_c20 cms.
942 _2ddc
_cEN
_h338.4791
_mSHA
999 _c66829
_d66829